Signals And Systems (Record no. 317757)

MARC details
000 -LEADER
fixed length control field 00394nam a2200157Ia 4500
008 - FIXED-LENGTH DATA ELEMENTS--GENERAL INFORMATION
fixed length control field 230718s9999 xx 000 0 und d
041 ## - LANGUAGE CODE
Language code of text/sound track or separate title eng
082 ## - DEWEY DECIMAL CLASSIFICATION NUMBER
Classification number 621.382'2
Item number BAB
100 ## - MAIN ENTRY--PERSONAL NAME
Personal name Babu P.R.
245 ## - TITLE STATEMENT
Title Signals And Systems
250 ## - EDITION STATEMENT
Edition statement 3rd ed.
260 ## - PUBLICATION, DISTRIBUTION, ETC. (IMPRINT)
Name of publisher, distributor, etc. Scitech Publication
365 ## - TRADE PRICE
Currency code Rs.
Price amount 295.00
700 ## - ADDED ENTRY--PERSONAL NAME
Personal name Babu P.R. & Natarajan R.A.
906 ## - LOCAL DATA ELEMENT F, LDF (RLIN)
d B:254316-Nov-2007
c ETC
Holdings
Withdrawn status Lost status Damaged status Not for loan Home library Current library Date acquired Vendor Budget Code Cost, normal purchase price Bill number Total Checkouts Full call number Barcode Date last seen Date last checked out Cost, replacement price Bill Date Koha item type Original Barcode
        Cummins College of Engineering for Women Pune Cummins College of Engineering for Women Pune 19/11/2007 Tbs ETC 295.00 2543 8 621.382'2 CCEP-BK-28964 14/12/2024 12/12/2024 295.00 16/11/2007 Books 028964